| 000 | 00507nam a2200193Ia 4500 | ||
|---|---|---|---|
| 005 | 20250326125009.0 | ||
| 008 | 250326s9999 xx 000 0 und d | ||
| 037 | _aTextbook | ||
| 040 |
_aFMSL _beng _cFMSL |
||
| 041 |
_aeng _2eng |
||
| 084 |
_aX:8K L6 _qFMSL |
||
| 100 |
_aMatz A _9735897 |
||
| 245 | 0 |
_aCost accounting lanning and control _cMatz A |
|
| 250 | _a6 | ||
| 260 |
_aBombay _bBombay, South-Western _c1976 |
||
| 300 | _a947p | ||
| 942 |
_cTB _hX:8K L6 |
||
| 999 |
_c1276098 _d1276098 |
||